000 00382nam a2200145 i 4500
001 bg
100 1 _aKOWALSKA, Z.
245 0 _aZastosowanie analizy wrażliwości do przygotowania eksperymentu... /
_cZ. Kowalska, J. Wicher.
260 _aWarszawa,
_c1984.
700 1 _aWICHER, J.
040 _cBPK
041 _apol
942 _cKS
008 s pl f |000 0 pol
999 _c22939
_d22939
856 _uhttp://koha.tu.koszalin.pl/cgi-bin/koha/opac-detail.pl?biblionumber=22939
_yKatalog online BPK